000 00605nam a22002177a 4500
005 20191203140345.0
008 191203b xxu||||| |||| 00| 0 eng d
020 _a9789350742877
_cRs 1600
040 _beng
041 _aEnglish
082 _a294.4
_bMOO
100 _aMookerjee, Satkari
245 _aThe Jaina philosophy of non-absolutism
_bA critical study of Anekantavada
_cSatkari Mookerjee
260 _aNew Delhi
_bAbhijeet Publications
_c1944
300 _axxi,323p
_b22 cm
500 _aReprinted 2017
504 _aIncludes index
650 _aJainism
850 _aLCLIB
942 _cBK
999 _c42509
_d92988